000 00400nam a2200157Ia 4500
005 20251020182602.0
008 200515s9999 xx 000 0 und d
082 _aSC/336.126/P45/V.1
110 _aDirección General de la República
245 0 _aCuenta General de la Republica 1979: Memoria
260 _aLima
260 _c1979
300 _a66
650 _aPRESUPUESTO PUBLICO
942 _cLIB
999 _c3078
_d3078